| 000 | 06070nam a22005417a 4500 | ||
|---|---|---|---|
| 005 | 20100510122519.0 | ||
| 008 | 091015t xxu||||| |||| 00| 0 eng d | ||
| 010 | _a421934-960 | ||
| 020 |
_a9798128818690 _c150.00 |
||
| 035 | _a421934-960 | ||
| 037 | _bPUB | ||
| 040 |
_aDPL _bENG |
||
| 082 | _a158.1 | ||
| 100 |
_aJoginder Singh _91051 |
||
| 245 |
_aSuccess mantra / _cby Joginder Singh |
||
| 260 |
_aNew Delhi _bDiamond Pockete Books _c2009 |
||
| 270 |
_aX-30, Okhla Industrial Area, Phase-II _bNew Delhi _e110020 |
||
| 300 |
_a238p. _c22cm(pbk) |
||
| 942 |
_2ddc _cEN _mJOG _h158.1 |
||
| 999 |
_c35877 _d35877 |
||